00888nam a2200265 a 4500001001000000003000300010005001700013008004100030015001900071020003700090020001800127020003400145020003600179020003300215040003000248042001600278082002700294100001700321245006300338260006000401300002900461504005100490650006100541700002000602015405228Uk20150408113918.0090817s2009 enka b 001 0 eng|d aGBB1429612bnb a9780335234608 (cased) :c£65.00 a9780335234608 a0335234607 (cased) :c£65.00 a9780335234615 (pbk.) :c£19.99 a0335234615 (pbk.) :c£19.99 aStDuBDSbengcStDuBDSdUk aukblcatcopy04a372.350440941222bCAE1 aCross, Alan.10aEssential primary science /cAlan Cross and Adrian Bowden. aMaidenhead :bMcGraw-Hill Open University Press,c2009. a318 p. :bill. ;c24 cm. aIncludes bibliographical references and index. 0aSciencexStudy and teaching (Elementary)zGreat Britain.1 aBowden, Adrian.